<?xml version="1.0" encoding="UTF-8"?>
<record
    xmlns:xsi="http://www.w3.org/2001/XMLSchema-instance"
    xsi:schemaLocation="http://www.loc.gov/MARC21/slim http://www.loc.gov/standards/marcxml/schema/MARC21slim.xsd"
    xmlns="http://www.loc.gov/MARC21/slim">

  <leader>00767nam a22001337a 4500</leader>
  <datafield tag="040" ind1=" " ind2=" ">
    <subfield code="c">RUA</subfield>
  </datafield>
  <datafield tag="082" ind1=" " ind2=" ">
    <subfield code="a">AED CHU 2010 B245 Or.1</subfield>
  </datafield>
  <datafield tag="100" ind1=" " ind2=" ">
    <subfield code="a">CHUON, USA.</subfield>
  </datafield>
  <datafield tag="245" ind1=" " ind2=" ">
    <subfield code="a">The potential of fertilizer briquette to improve rice production in chamlang commune, svay chrum district, svay rieng province, &#x179F;&#x1780;&#x17D2;&#x178F;&#x17B6;&#x1793;&#x17BB;&#x1796;&#x179B;&#x1793;&#x17C3;&#x1780;&#x17B6;&#x179A;&#x1794;&#x17D2;&#x179A;&#x17BE;&#x1794;&#x17D2;&#x179A;&#x17B6;&#x179F;&#x17CB;&#x1787;&#x17B8;&#x178A;&#x17BB;&#x17C6;&#x1780;&#x17D2;&#x1793;&#x17BB;&#x1784;&#x1780;&#x17B6;&#x179A;&#x179B;&#x17BE;&#x1780;&#x1798;&#x17D2;&#x1796;&#x179F;&#x17CB;&#x1795;&#x179B;&#x17B7;&#x178F;&#x1780;&#x1798;&#x17D2;&#x1798;&#x179F;&#x17D2;&#x179A;&#x17BC;&#x179C; &#x1793;&#x17C5;&#x1783;&#x17BB;&#x17C6;&#x1785;&#x17C6;&#x17A1;&#x1784; &#x179F;&#x17D2;&#x179A;&#x17BB;&#x1780;&#x179F;&#x17D2;&#x179C;&#x17B6;&#x1799;&#x1787;&#x17D2;&#x179A;&#x17BB;&#x17C6; &#x1781;&#x17C1;&#x178F;&#x17D2;&#x178F;&#x179F;&#x17D2;&#x179C;&#x17B6;&#x1799;&#x179A;&#x17C0;&#x1784;</subfield>
  </datafield>
  <datafield tag="260" ind1=" " ind2=" ">
    <subfield code="a">Phnom Penh</subfield>
    <subfield code="b">RUA</subfield>
    <subfield code="c">2010</subfield>
  </datafield>
  <datafield tag="300" ind1=" " ind2=" ">
    <subfield code="a">x, 52p.</subfield>
    <subfield code="b">ill.</subfield>
    <subfield code="c">29cm.</subfield>
  </datafield>
  <datafield tag="856" ind1=" " ind2=" ">
    <subfield code="u">https://drive.google.com/file/d/10_kgNDMTlpJ6VbRip7gjG3G56i81_fX7/view?usp=sharing</subfield>
  </datafield>
  <datafield tag="942" ind1=" " ind2=" ">
    <subfield code="c">AED</subfield>
  </datafield>
  <datafield tag="999" ind1=" " ind2=" ">
    <subfield code="c">4910</subfield>
    <subfield code="d">4910</subfield>
  </datafield>
  <datafield tag="952" ind1=" " ind2=" ">
    <subfield code="0">0</subfield>
    <subfield code="1">0</subfield>
    <subfield code="2">ddc</subfield>
    <subfield code="4">0</subfield>
    <subfield code="6">AED_CHU_2010_000000000000000_B245_OR_1</subfield>
    <subfield code="7">0</subfield>
    <subfield code="9">25659</subfield>
    <subfield code="a">LBB</subfield>
    <subfield code="b">LBB</subfield>
    <subfield code="c">B245</subfield>
    <subfield code="d">2015-12-21</subfield>
    <subfield code="o">AED CHU 2010 B245 Or.1</subfield>
    <subfield code="p">RUA037995</subfield>
    <subfield code="r">2015-12-21</subfield>
    <subfield code="w">2015-12-21</subfield>
    <subfield code="y">AED</subfield>
  </datafield>
  <datafield tag="952" ind1=" " ind2=" ">
    <subfield code="0">0</subfield>
    <subfield code="1">0</subfield>
    <subfield code="2">ddc</subfield>
    <subfield code="4">0</subfield>
    <subfield code="6">AED_CHU_2010_000000000000000_B245_OR_2</subfield>
    <subfield code="7">0</subfield>
    <subfield code="9">25660</subfield>
    <subfield code="a">LBB</subfield>
    <subfield code="b">LBB</subfield>
    <subfield code="c">B245</subfield>
    <subfield code="d">2015-12-21</subfield>
    <subfield code="o">AED CHU 2010 B245 Or.2</subfield>
    <subfield code="p">RUA031993</subfield>
    <subfield code="r">2015-12-21</subfield>
    <subfield code="w">2015-12-21</subfield>
    <subfield code="y">AED</subfield>
  </datafield>
  <datafield tag="952" ind1=" " ind2=" ">
    <subfield code="0">0</subfield>
    <subfield code="1">0</subfield>
    <subfield code="2">ddc</subfield>
    <subfield code="4">0</subfield>
    <subfield code="6">AED_CHU_2010_000000000000000_B245_OR_3</subfield>
    <subfield code="7">0</subfield>
    <subfield code="9">25661</subfield>
    <subfield code="a">LBB</subfield>
    <subfield code="b">LBB</subfield>
    <subfield code="c">B245</subfield>
    <subfield code="d">2015-12-21</subfield>
    <subfield code="l">1</subfield>
    <subfield code="m">1</subfield>
    <subfield code="o">AED CHU 2010 B245 Or.3</subfield>
    <subfield code="p">RUA031658</subfield>
    <subfield code="r">2016-07-05</subfield>
    <subfield code="s">2016-05-25</subfield>
    <subfield code="w">2015-12-21</subfield>
    <subfield code="y">AED</subfield>
  </datafield>
  <datafield tag="952" ind1=" " ind2=" ">
    <subfield code="0">0</subfield>
    <subfield code="1">0</subfield>
    <subfield code="2">ddc</subfield>
    <subfield code="4">0</subfield>
    <subfield code="6">AED_CHU_2010_000000000000000_B245_OR_4</subfield>
    <subfield code="7">0</subfield>
    <subfield code="9">25662</subfield>
    <subfield code="a">LBB</subfield>
    <subfield code="b">LBB</subfield>
    <subfield code="c">B245</subfield>
    <subfield code="d">2015-12-21</subfield>
    <subfield code="o">AED CHU 2010 B245 Or.4</subfield>
    <subfield code="p">RUA030596</subfield>
    <subfield code="r">2015-12-21</subfield>
    <subfield code="w">2015-12-21</subfield>
    <subfield code="y">AED</subfield>
  </datafield>
  <datafield tag="952" ind1=" " ind2=" ">
    <subfield code="0">0</subfield>
    <subfield code="1">0</subfield>
    <subfield code="2">ddc</subfield>
    <subfield code="4">0</subfield>
    <subfield code="6">AED_CHU_2010_000000000000000_B245_OR_5</subfield>
    <subfield code="7">0</subfield>
    <subfield code="9">25663</subfield>
    <subfield code="a">LBB</subfield>
    <subfield code="b">LBB</subfield>
    <subfield code="c">B245</subfield>
    <subfield code="d">2015-12-21</subfield>
    <subfield code="o">AED CHU 2010 B245 Or.5</subfield>
    <subfield code="p">RUA030654</subfield>
    <subfield code="r">2015-12-21</subfield>
    <subfield code="w">2015-12-21</subfield>
    <subfield code="y">AED</subfield>
  </datafield>
  <datafield tag="952" ind1=" " ind2=" ">
    <subfield code="0">0</subfield>
    <subfield code="1">0</subfield>
    <subfield code="2">ddc</subfield>
    <subfield code="4">0</subfield>
    <subfield code="6">AED_CHU_2010_000000000000000_B245_OR_6</subfield>
    <subfield code="7">0</subfield>
    <subfield code="9">25664</subfield>
    <subfield code="a">LBB</subfield>
    <subfield code="b">LBB</subfield>
    <subfield code="c">B245</subfield>
    <subfield code="d">2015-12-21</subfield>
    <subfield code="o">AED CHU 2010 B245 Or.6</subfield>
    <subfield code="p">RUA030716</subfield>
    <subfield code="r">2015-12-21</subfield>
    <subfield code="w">2015-12-21</subfield>
    <subfield code="y">AED</subfield>
  </datafield>
  <datafield tag="952" ind1=" " ind2=" ">
    <subfield code="0">0</subfield>
    <subfield code="1">0</subfield>
    <subfield code="2">ddc</subfield>
    <subfield code="4">0</subfield>
    <subfield code="6">AED_CHU_2010_000000000000000_B245_OR_7</subfield>
    <subfield code="7">0</subfield>
    <subfield code="9">25665</subfield>
    <subfield code="a">LBB</subfield>
    <subfield code="b">LBB</subfield>
    <subfield code="c">B245</subfield>
    <subfield code="d">2015-12-21</subfield>
    <subfield code="o">AED CHU 2010 B245 Or.7</subfield>
    <subfield code="p">RUA030649</subfield>
    <subfield code="r">2015-12-21</subfield>
    <subfield code="w">2015-12-21</subfield>
    <subfield code="y">AED</subfield>
  </datafield>
  <datafield tag="952" ind1=" " ind2=" ">
    <subfield code="0">0</subfield>
    <subfield code="1">0</subfield>
    <subfield code="2">ddc</subfield>
    <subfield code="4">0</subfield>
    <subfield code="6">AED_CHU_2010_000000000000000_B245_OR_8</subfield>
    <subfield code="7">0</subfield>
    <subfield code="9">25666</subfield>
    <subfield code="a">LBB</subfield>
    <subfield code="b">LBB</subfield>
    <subfield code="c">B245</subfield>
    <subfield code="d">2015-12-21</subfield>
    <subfield code="o">AED CHU 2010 B245 Or.8</subfield>
    <subfield code="p">RUA030656</subfield>
    <subfield code="r">2015-12-21</subfield>
    <subfield code="w">2015-12-21</subfield>
    <subfield code="y">AED</subfield>
  </datafield>
</record>
